| 000 | 00535nam a2200181Ia 4500 | ||
|---|---|---|---|
| 005 | 20250508150414.0 | ||
| 008 | 008 250505s9999 xx 000 0 eng d | ||
| 037 | _aTextual | ||
| 040 |
_aFEDL _beng _cFEDL |
||
| 041 |
_aeng _2eng |
||
| 084 |
_a375, ASS _qFEDL |
||
| 245 | 0 | _aEducation for citizenship in secondary schools | |
| 245 | 4 | _cThe Association for Education in Citizenship | |
| 260 |
_aLondon, UK _bOxford University Press _c1945 |
||
| 300 | _a263p | ||
| 942 |
_cTEXL _h375, ASS |
||
| 999 |
_c1323469 _d1323469 |
||